Weekdays in Russian - Statistics

General Stats
  • This quiz has been taken 23 times
  • The average score is 5 of 7
Answer Stats
Hint Answer % Correct
Monday Понедельник
85%
Wednesday Среда
85%
Saturday Суббота
85%
Tuesday Вторник
77%
Thursday Четверг
77%
Friday Пятница
69%
Sunday Воскресенье
69%
No matching quizzes found
Score Distribution
Percent of People with Each Score
Percentile by Number Answered
Your Score History
You have not taken this quiz